The Windsor magazine : (Record no. 1728)

MARC details
000 -LEADER
fixed length control field 01449cas a2200397 a 4500
001 - CONTROL NUMBER
control field data
005 - DATE AND TIME OF LATEST TRANSACTION
control field 20260322212115.0
007 - PHYSICAL DESCRIPTION FIXED FIELD--GENERAL INFORMATION
fixed length control field data
008 - FIXED-LENGTH DATA ELEMENTS--GENERAL INFORMATION
fixed length control field data
035 ## - SYSTEM CONTROL NUMBER
System control number 11462774
010 ## - LIBRARY OF CONGRESS CONTROL NUMBER
LC control number sf 96091497
035 ## - SYSTEM CONTROL NUMBER
System control number (OCoLC)15089323
040 ## - CATALOGING SOURCE
Original cataloging agency SUC
Language of cataloging eng
Transcribing agency SUC
Modifying agency OCLCQ
-- OCLCQ
-- CGU
-- SYB
-- OCLCQ
-- OCLCF
-- OCLCO
-- OCLCQ
042 ## - AUTHENTICATION CODE
Authentication code pcc
050 00 - LIBRARY OF CONGRESS CALL NUMBER
Classification number Microfilm 05419
245 04 - TITLE STATEMENT
Title The Windsor magazine :
Remainder of title an illustrated monthly for men and women.
260 ## - PUBLICATION, DISTRIBUTION, ETC.
Place of publication, distribution, etc. London :
Name of publisher, distributor, etc. Ward, Lock & Bowden,
Date of publication, distribution, etc. 1895-1917.
300 ## - PHYSICAL DESCRIPTION
Extent 46 volumes :
Other physical details illustrations (some color) ;
Dimensions 25 cm
310 ## - CURRENT PUBLICATION FREQUENCY
Current publication frequency Monthly
336 ## - CONTENT TYPE
Content type term text
Content type code txt
Source rdacontent
337 ## - MEDIA TYPE
Media type term microform
Media type code h
Source rdamedia
338 ## - CARRIER TYPE
Carrier type term microfilm reel
Carrier type code hd
Source rdacarrier
362 0# - DATES OF PUBLICATION AND/OR SEQUENTIAL DESIGNATION
Dates of publication and/or sequential designation Vol. 1, no. 1 ([Jan. 1895])-v. 46, no. 270 (June 1917).
500 ## - GENERAL NOTE
General note Title from vol. t.p.
500 ## - GENERAL NOTE
General note On film: vol. 1-12 (1895-1900).
533 ## - REPRODUCTION NOTE
Type of reproduction Microfilm.
Place of reproduction Ann Arbor, Mich. :
Agency responsible for reproduction University Microfilms International.
Physical description of reproduction 4 microfilm reels ; 35 mm.
Series statement of reproduction (Early British periodicals).
650 #0 - SUBJECT ADDED ENTRY--TOPICAL TERM
Topical term or geographic name entry element Adventure stories, English.
650 #7 - SUBJECT ADDED ENTRY--TOPICAL TERM
Topical term or geographic name entry element Adventure stories, English.
Source of heading or term fast
Authority record control number or standard number (OCoLC)fst00797478
776 0# - ADDITIONAL PHYSICAL FORM ENTRY
Title Windsor magazine
Record control number (OCoLC)1769919
-- (OCoLC)1769919
776 08 - ADDITIONAL PHYSICAL FORM ENTRY
Relationship information Online version:
Title Windsor magazine
Record control number (OCoLC)213506220
785 00 - SUCCEEDING ENTRY
Title Windsor
830 #0 - SERIES ADDED ENTRY--UNIFORM TITLE
Uniform title Early British periodicals.
906 ## - LOCAL DATA ELEMENT F, LDF (RLIN)
a 7
b cbc
c serials
d u
e ncip
f 19
g n-oclcserc
991 ## -
-- c-MicRR
-- Microfilm 05419
-- SERIALS
Holdings
Withdrawn status Lost status Damaged status Not for loan Home library Current library Shelving location Date acquired Total checkouts Full call number Barcode Date last seen Price effective from Koha item type
        Fairview Fairview General stacks 22/03/2026   Microfilm 05419 LOC-FPL-00013 22/03/2026 22/03/2026 Books